000 00656nam a22002417a 4500
003 UA-OsUOA
001 80771
007 ta
008 20111223b un ||||| |||| 00| 0 ukr d
100 _aБагинский В.В.
090 _a821.161.1
_bБ14
942 _cBK
040 _aUA-OsUOA
_brus
_cUA-OsUOA
_dUA-OsUOA
245 _aНастоящее время
_bпоэтический сборник
300 _a205 с.
955 _a3
041 _arus
080 _a821.161.1
020 _a966-8009-33-9
260 _aК.
_bСтилос
_c2006
650 7 _a82 Література. Літературознавство
_2UDC
999 _c367077
_d367077